| 000 | 00441cam a2200181ua 4500 | ||
|---|---|---|---|
| 020 | _c20.00 | ||
| 041 |
_aeng _h |
||
| 082 |
_a547 _bFIE/OR |
||
| 100 | _aFieser, Louis F . | ||
| 245 |
_aOrganic chemistry / _cLouis F Fieser. _hTextual Documents |
||
| 260 |
_aMumbai : _bAsia Publishing House , _c1965. |
||
| 300 | _a1109 ; . | ||
| 365 | _a20.00 | ||
| 504 | _a | ||
| 700 | 1 | _aFieser, Mary . | |
| 942 | _cBK | ||
| 999 |
_c7124 _d7124 |
||